[Event "UGA-chT"]
[Site "Kampala"]
[Date "2022.08.28"]
[Round "5"]
[White "Tandeka, Shiloh"]
[Black "Kimbowa, Henry"]
[Result "1-0"]
[WhiteElo "1504"]
[BlackElo "1748"]
[PlyCount "39"]
[EventDate "2022.07.10"]
[EventType "team-swiss"]
[EventRounds "14"]
[EventCountry "UGA"]
[SourceTitle "EXT 2024"]
[Source "ChessBase"]
[SourceDate "2023.10.10"]
[SourceVersion "1"]
[SourceVersionDate "2023.10.10"]
[SourceQuality "1"]
[WhiteTeam "Lighthouse"]
[BlackTeam "Soroti CC"]
[WhiteTeamCountry "UGA"]
[BlackTeamCountry "UGA"]

1. e4 e5 2. Nf3 Nc6 3. d4 exd4 4. Nxd4 Nxd4 5. Qxd4 d6 6. Bc4 Be6 7. 0-0 Nf6 8. Nc3 Be7 9. Nd5 0-0 10. Re1 Ng4 11. Nxe7+ Qxe7 12. Bf4 Qh4 13. Bg3 Qf6 14. Qxf6 Nxf6 15. Bxe6 fxe6 16. e5 d5 17. exf6 Rxf6 18. Bxc7 Rc8 19. Be5 Rf5 20. c3 1-0

[Event "Kiwawu op 12th"]
[Site "Kiwawu"]
[Date "2018.12.13"]
[Round "6"]
[White "Kato, Richard"]
[Black "Kimbowa, Henry"]
[Result "0-1"]
[WhiteElo "1903"]
[BlackElo "1805"]
[PlyCount "76"]
[EventDate "2018.12.11"]
[EventType "swiss"]
[EventRounds "8"]
[EventCountry "UGA"]
[SourceTitle "CBM 187 Extra"]
[Source "ChessBase"]
[SourceDate "2018.11.04"]
[SourceVersion "1"]
[SourceVersionDate "2018.11.04"]
[SourceQuality "1"]

1. e4 d5 2. Nf3 Bg4 3. exd5 Qxd5 4. Be2 e6 5. 0-0 Bc5 6. c3 c6 7. h3 Bh5 8. d4 Bb6 9. Bf4 Nf6 10. Nbd2 h6 11. a4 Qd8 12. Re1 0-0 13. Ne5 Bxe2 14. Qxe2 Nd5 15. Bg3 Nd7 16. Nd3 Bc7 17. Ne4 Qb8 18. Qh5 N7f6 19. Qf3 Nxe4 20. Rxe4 Nf6 21. Bxc7 Qxc7 22. Re5 Rad8 23. Nf4 Qe7 24. Rae1 Nd7 25. R5e3 Qf6 26. Qg3 g6 27. h4 Kh7 28. Rf3 Qe7 29. Rfe3 Qf6 30. h5 g5 31. Nxe6 fxe6 32. Rxe6 Qf4 33. Re7+ Rf7 34. Qd3+ Kh8 35. f3 Nf8 36. Qc4 Rd7 37. Re8 Kg7 38. Qc5 Rf6 0-1